<?xml version="1.0" encoding="UTF-8"?>
<collection xmlns="http://www.loc.gov/MARC21/slim">
 <record>
  <leader>     na                 </leader>
  <controlfield tag="001">INLIS000000000020729</controlfield>
  <controlfield tag="005">20230525082417</controlfield>
  <datafield tag="035" ind1=" " ind2=" ">
   <subfield code="a">0010-0523000068</subfield>
  </datafield>
  <controlfield tag="007">ta</controlfield>
  <controlfield tag="008">230525                g          0 ind  </controlfield>
  <datafield tag="020" ind1=" " ind2=" ">
   <subfield code="a">978-602-8610-33-9</subfield>
  </datafield>
  <datafield tag="082" ind1=" " ind2=" ">
   <subfield code="a">023.2</subfield>
  </datafield>
  <datafield tag="084" ind1=" " ind2=" ">
   <subfield code="a">023.2 RHO p</subfield>
  </datafield>
  <datafield tag="100" ind1="0" ind2=" ">
   <subfield code="a">Rhoni Rodin</subfield>
   <subfield code="e">Pengarang</subfield>
  </datafield>
  <datafield tag="245" ind1="1" ind2=" ">
   <subfield code="a">Pustakawan Profesional Di Era Digital :</subfield>
   <subfield code="b">Meningkatkan Kreativitas Inovatif Dan Profesionalitas Pustakawan</subfield>
  </datafield>
  <datafield tag="250" ind1=" " ind2=" ">
   <subfield code="a">I</subfield>
  </datafield>
  <datafield tag="300" ind1=" " ind2=" ">
   <subfield code="a">xii + 184 halaman ;</subfield>
   <subfield code="c">24 cm</subfield>
  </datafield>
  <datafield tag="650" ind1=" " ind2="4">
   <subfield code="a">Pustakawan Profesional</subfield>
  </datafield>
  <datafield tag="504" ind1=" " ind2=" ">
   <subfield code="a">- Pustakawan sebagai profesi&#13;
- Profesionalisme pustakawan di era persaingan global&#13;
- Budaya kerja pustakawan&#13;
- Pengelolaan perpustakaan digital&#13;
- Pelayanan prima di perpustakaan&#13;
- Sertifikasi uji kompetensi pustakawan&#13;
-Pustakawan kreatif inovatif di era digital</subfield>
  </datafield>
  <datafield tag="520" ind1=" " ind2=" ">
   <subfield code="a">175-184 halaman</subfield>
  </datafield>
  <datafield tag="520" ind1=" " ind2=" ">
   <subfield code="a">Buku tentang Pustakawan Profesional di Era Digital ini merupakan ide dan gagasan mengenai wacana pemikiran secara teoritis dan praktis tentang profesionalisme pustakawan dalam pengelolaan perpustakaan di era global seperti sekarang ini. Gagasan dalam buku ini menampilkan wacana pemikiran dan paradigma baru yang bersifat konseptual dan teoritis berkaitan dengan sistem manajemen dunia perpustakaan dan profesionalisme pustakawan di era global seperti sekarang ini.&#13;
Dalam buku sederhana ini, diberikan wacana dalam tataran konseptual dan teoritis mengenai pustakawan sebagai profesi, dalam hal ini akan dibahas mengenai sejarah dan definisi dari profesi itu sendiri. Konseptualitas tentang profesionalisme pustakawan. Selanjutnya dibahas mengenai budaya kerja pustakawan beserta implementasinya. Kemudian bagaimana pengelolaan perpustakaan digital. Selanjutnya dipaparkan juga bagaimana implementasi pelayanan prima di perpustakaan. Kemudian sertifikasi uji kompetensi profesi pustakawan. Dan selanjutnya yang terpenting adalah bagaimana membangun kreativitas inovatif dan profesionalitas pustakawan terutama di era digital seperti sekarang ini. Karena pustakawan adalah suatu profesi maka profesionalisme harus dibangun dan diterapkan oleh pustakawan. Diharapkan semua paradigma baru dan gagasan konseptualitas ini dapat memberikan wacana pemikiran dan gagasan konstruktif bagi peningkatan kualitas layanan di era seperti sekarang ini.</subfield>
  </datafield>
  <datafield tag="264" ind1=" " ind2=" ">
   <subfield code="a">Yogyakarta :</subfield>
   <subfield code="b">Suluh Media,</subfield>
   <subfield code="c">2017</subfield>
  </datafield>
  <datafield tag="336" ind1=" " ind2=" ">
   <subfield code="2">rdacontent</subfield>
   <subfield code="a">Teks</subfield>
  </datafield>
  <datafield tag="337" ind1=" " ind2=" ">
   <subfield code="2">rdamedia</subfield>
   <subfield code="a">Tanpa Perantara</subfield>
  </datafield>
  <datafield tag="338" ind1=" " ind2=" ">
   <subfield code="2">rdacarrier</subfield>
   <subfield code="a">Lembar</subfield>
  </datafield>
  <datafield tag="990" ind1=" " ind2=" ">
   <subfield code="a">072262</subfield>
  </datafield>
  <datafield tag="990" ind1=" " ind2=" ">
   <subfield code="a">072261</subfield>
  </datafield>
  <datafield tag="990" ind1=" " ind2=" ">
   <subfield code="a">072263</subfield>
  </datafield>
  <datafield tag="990" ind1=" " ind2=" ">
   <subfield code="a">074676</subfield>
  </datafield>
  <datafield tag="990" ind1=" " ind2=" ">
   <subfield code="a">074675</subfield>
  </datafield>
  <datafield tag="990" ind1=" " ind2=" ">
   <subfield code="a">074677</subfield>
  </datafield>
 </record>
</collection>
